[Event "Canadian op"]
[Site "Edmonton"]
[Date "2009.07.14"]
[Round "4.74"]
[White "De Jong, Walter"]
[Black "Danner, Jason"]
[Result "1-0"]
[WhiteElo "1812"]
[BlackElo "1626"]
[PlyCount "65"]
[EventDate "2009.07.11"]
[EventType "swiss"]
[EventRounds "9"]
[EventCountry "CAN"]
[SourceTitle "EXT 2022"]
[Source "ChessBase"]
[SourceDate "2021.10.06"]
[SourceVersion "1"]
[SourceVersionDate "2021.10.06"]
[SourceQuality "1"]

1. c4 Nf6 2. g3 e5 3. Bg2 c6 4. d4 exd4 5. Qxd4 Na6 6. Nc3 Bc5 7. Qd1 Qb6 8. e3 0-0 9. Nge2 Qd8 10. 0-0 Nc7 11. e4 Re8 12. Qc2 a6 13. a3 d6 14. Bg5 h6 15. Bf4 Bg4 16. Rad1 g5 17. Bxd6 Bxd6 18. c5 Nb5 19. Nxb5 axb5 20. Rxd6 Qe7 21. f3 Bh5 22. Qc3 Kg7 23. Rfd1 Qe5 24. Nd4 Bg6 25. b4 h5 26. Qa1 Kf8 27. Qc1 Re7 28. f4 Qxd6 29. cxd6 Rd7 30. e5 Ng8 31. f5 Bh7 32. Qxg5 Rxa3 33. Qxh5 1-0

[Event "Canadian op"]
[Site "Edmonton"]
[Date "2009.07.13"]
[Round "3.93"]
[White "Danner, Jason"]
[Black "Ludwig, Michael1"]
[Result "1-0"]
[WhiteElo "1626"]
[BlackElo "1413"]
[PlyCount "65"]
[EventDate "2009.07.11"]
[EventType "swiss"]
[EventRounds "9"]
[EventCountry "CAN"]
[SourceTitle "EXT 2022"]
[Source "ChessBase"]
[SourceDate "2021.10.06"]
[SourceVersion "1"]
[SourceVersionDate "2021.10.06"]
[SourceQuality "1"]

1. e4 Nf6 2. e5 Nd5 3. Bc4 Nb6 4. Bb3 e6 5. d4 d5 6. Nf3 c5 7. c3 c4 8. Bc2 Be7 9. 0-0 0-0 10. Bf4 Nc6 11. Nbd2 f6 12. exf6 Bxf6 13. Bg3 Re8 14. Re1 Nd7 15. Nf1 e5 16. dxe5 Ndxe5 17. Nxe5 Nxe5 18. f4 Nc6 19. Rxe8+ Qxe8 20. Qxd5+ Be6 21. Qd2 Rd8 22. Qe2 Qf7 23. Re1 Bd5 24. Ne3 Re8 25. Qg4 Be4 26. Bh4 Bd3 27. Bd1 a6 28. Bf3 Be4 29. Bxf6 Qxf6 30. Nxc4 Bxf3 31. Rxe8+ Kf7 32. Qd7+ Ne7 33. Ne5+ 1-0